[Event "20eme Open de Wasselonne"]
[Site "Espace Saint-Laurent Wasselonne"]
[Date "2015.08.04"]
[Round "1.1"]
[White "Bellahcene, Bilel"]
[Black "Ottolini, Graziano"]
[Result "1-0"]
[BlackElo "1976"]
[WhiteElo "2467"]
[LiveChessVersion "1.4.8"]

1. d4 {[%clk 1:30:56]} d6 {[%clk 1:30:56]} 2. e4 {[%clk 1:31:21]} Nf6
{[%clk 1:31:17]} 3. Nc3 {[%clk 1:31:46]} Nbd7 {[%clk 1:31:32]} 4. Nf3
{[%clk 1:32:10]} e5 {[%clk 1:31:36]} 5. g4 {[%clk 1:32:37]} exd4 {[%clk 1:24:17]}
6. Nxd4 {[%clk 1:32:46]} Ne5 {[%clk 1:23:42]} 7. g5 {[%clk 1:32:08]} Nfd7
{[%clk 1:18:31]} 8. f4 {[%clk 1:31:37]} Nc6 {[%clk 1:15:39]} 9. h4
{[%clk 1:31:33]} Nxd4 {[%clk 1:11:54]} 10. Qxd4 {[%clk 1:30:21]} Nb6
{[%clk 1:10:18]} 11. Be3 {[%clk 1:30:08]} c6 {[%clk 1:04:28]} 12. a4
{[%clk 1:29:18]} Qc7 {[%clk 0:58:37]} 13. a5 {[%clk 1:29:19]} Nd7
{[%clk 0:58:47]} 14. h5 {[%clk 1:28:37]} Nc5 {[%clk 0:57:33]} 15. h6
{[%clk 1:28:41]} Ne6 {[%clk 0:57:04]} 16. hxg7 {[%clk 1:26:34]} Nxd4
{[%clk 0:56:00]} 17. gxh8=Q {[%clk 1:26:32]} Nxc2+ {[%clk 0:56:18]} 18. Kf2
{[%clk 1:26:27]} Nxa1 {[%clk 0:56:24]} 19. Bc4 {[%clk 1:26:41]} Nc2
{[%clk 0:54:01]} 20. Rxh7 {[%clk 1:26:49]} Nxe3 {[%clk 0:28:46]} 21. Kxe3
{[%clk 1:25:29]} d5 {[%clk 0:25:35]} 22. g6 {[%clk 1:24:37]} Be6 {[%clk 0:15:29]}
23. g7 {[%clk 1:23:24]} O-O-O {[%clk 0:13:24]} 24. gxf8=Q {[%clk 1:23:33]} dxe4
25. Kxe4 1-0

[Event "20eme Open de Wasselonne"]
[Site "Espace Saint-Laurent Wasselonne"]
[Date "2015.08.04"]
[Round "1.2"]
[White "Kast, Joannis"]
[Black "Arnaudov, G. Petar"]
[Result "0-1"]
[BlackElo "2466"]
[WhiteElo "1967"]
[LiveChessVersion "1.4.8"]

1. e4 {[%clk 1:30:57]} g6 {[%clk 1:30:55]} 2. Bc4 {[%clk 1:29:30]} Bg7
{[%clk 1:31:02]} 3. Nc3 {[%clk 1:28:21]} d6 {[%clk 1:31:04]} 4. f4
{[%clk 1:28:16]} c6 {[%clk 1:30:22]} 5. a3 {[%clk 1:21:03]} Nf6 {[%clk 1:28:54]}
6. Ba2 {[%clk 1:19:04]} d5 {[%clk 1:27:30]} 7. e5 {[%clk 1:10:24]} Ng4
{[%clk 1:27:54]} 8. Nf3 {[%clk 1:09:49]} O-O {[%clk 1:27:55]} 9. h3
{[%clk 1:03:18]} Nh6 {[%clk 1:28:20]} 10. O-O {[%clk 1:03:23]} f6
{[%clk 1:27:35]} 11. d4 {[%clk 0:57:55]} e6 {[%clk 1:27:36]} 12. exf6
{[%clk 0:51:27]} Qxf6 {[%clk 1:27:56]} 13. g4 {[%clk 0:50:10]} Nf7
{[%clk 1:28:13]} 14. Be3 {[%clk 0:44:18]} Nd7 {[%clk 1:27:22]} 15. Qd3
{[%clk 0:40:46]} a5 {[%clk 1:26:10]} 16. Ne5 {[%clk 0:37:31]} Qe7
{[%clk 1:25:03]} 17. Nxd7 {[%clk 0:32:23]} Qxd7 {[%clk 1:24:56]} 18. Na4
{[%clk 0:30:49]} Qd8 {[%clk 1:25:00]} 19. c4 {[%clk 0:21:50]} dxc4
{[%clk 1:20:28]} 20. Qxc4 {[%clk 0:21:43]} b5 {[%clk 1:20:10]} 21. Qd3
{[%clk 0:13:17]} bxa4 {[%clk 1:20:30]} 22. Rf2 {[%clk 0:13:18]} Qd6
{[%clk 1:19:47]} 23. h4 {[%clk 0:12:39]} c5 {[%clk 1:13:57]} 24. h5
{[%clk 0:11:16]} cxd4 25. hxg6 {[%clk 0:10:08]} hxg6 {[%clk 1:13:05]} 26. Bd2
{[%clk 0:08:47]} Ng5 {[%clk 1:08:06]} 27. Qxg6 {[%clk 0:04:31]} Nh3+
{[%clk 1:06:23]} 28. Kg2 {[%clk 0:04:45]} Nxf2 {[%clk 1:06:26]} 29. Kxf2
{[%clk 0:04:53]} Rxf4+ {[%clk 1:06:00]} 30. Bxf4 {[%clk 0:04:16]} Qxf4+
{[%clk 1:06:24]} 31. Ke1 {[%clk 0:04:22]} Qe3+ {[%clk 1:05:31]} 32. Kd1
{[%clk 0:04:34]} Bd7 {[%clk 1:04:15]} 33. Rc1 {[%clk 0:02:47]} Qg1+
{[%clk 1:03:33]} 34. Kd2 {[%clk 0:03:05]} Qg2+ {[%clk 1:03:27]} 35. Kd1
{[%clk 0:03:25]} Qh1+ {[%clk 1:03:52]} 36. Ke2 {[%clk 0:00:42]} Qxc1
{[%clk 1:04:12]} 37. Bxe6+ {[%clk 0:00:43]} Bxe6 {[%clk 1:04:37]} 38. Qxe6+
{[%clk 0:01:06]} Kh8 {[%clk 1:05:04]} 0-1

[Event "20eme Open de Wasselonne"]
[Site "Espace Saint-Laurent Wasselonne"]
[Date "2015.08.04"]
[Round "1.3"]
[White "Haub, Thorsten Michael"]
[Black "Genzling, Jerome"]
[Result "1-0"]
[BlackElo "1948"]
[WhiteElo "2366"]
[LiveChessVersion "1.4.8"]

1. g3 {[%clk 1:30:57]} c5 {[%clk 1:30:07]} 2. Bg2 {[%clk 1:31:21]} Nc6
{[%clk 1:30:27]} 3. e4 {[%clk 1:31:19]} g6 {[%clk 1:30:43]} 4. d3
{[%clk 1:31:19]} Bg7 {[%clk 1:30:26]} 5. Nf3 {[%clk 1:31:39]} d6 {[%clk 1:28:11]}
6. O-O {[%clk 1:31:53]} e6 {[%clk 1:25:39]} 7. c3 {[%clk 1:30:40]} d5
{[%clk 1:09:32]} 8. exd5 {[%clk 1:23:09]} exd5 {[%clk 1:09:51]} 9. Be3
{[%clk 1:21:13]} b6 {[%clk 1:05:19]} 10. d4 {[%clk 1:21:19]} c4 {[%clk 1:00:30]}
11. Qc1 {[%clk 1:11:38]} Bf5 {[%clk 0:55:26]} 12. Re1 {[%clk 1:10:53]} Nge7
{[%clk 0:54:56]} 13. Bh6 {[%clk 1:09:28]} O-O {[%clk 0:53:56]} 14. Qf4
{[%clk 1:01:22]} f6 {[%clk 0:41:43]} 15. h4 {[%clk 0:51:26]} Qd7 {[%clk 0:36:49]}
16. Bxg7 {[%clk 0:48:53]} Kxg7 {[%clk 0:36:59]} 17. Nbd2 {[%clk 0:46:43]} Rae8
{[%clk 0:31:52]} 18. Nf1 {[%clk 0:46:48]} Be4 {[%clk 0:23:58]} 19. g4
{[%clk 0:41:30]} Nc8 {[%clk 0:20:39]} 20. Ng3 {[%clk 0:39:32]} Nd6
{[%clk 0:20:23]} 21. Bh3 {[%clk 0:38:22]} Rf7 {[%clk 0:14:16]} 22. Nd2
{[%clk 0:37:51]} Rfe7 {[%clk 0:13:15]} 23. Re3 {[%clk 0:33:00]} f5
{[%clk 0:08:58]} 24. Rae1 {[%clk 0:29:03]} fxg4 {[%clk 0:05:22]} 25. Bxg4
{[%clk 0:27:19]} Bf5 {[%clk 0:05:34]} 26. Bf3 {[%clk 0:27:09]} Rxe3
{[%clk 0:05:06]} 27. Rxe3 {[%clk 0:27:05]} Rxe3 {[%clk 0:05:33]} 28. fxe3
{[%clk 0:26:08]} Be6 {[%clk 0:03:52]} 29. h5 {[%clk 0:26:07]} Nf5
{[%clk 0:03:34]} 30. Nxf5+ {[%clk 0:25:08]} Bxf5 {[%clk 0:02:48]} 31. h6+
{[%clk 0:24:33]} Kg8 {[%clk 0:02:49]} 32. Qg5 {[%clk 0:24:11]} Kf7
{[%clk 0:02:31]} 33. Qg2 {[%clk 0:23:14]} Ne7 {[%clk 0:02:17]} 34. b3
{[%clk 0:22:31]} cxb3 {[%clk 0:01:52]} 35. axb3 {[%clk 0:22:52]} Qe6
{[%clk 0:01:55]} 36. Kf2 {[%clk 0:22:53]} Qf6 {[%clk 0:01:21]} 37. Bxd5+
{[%clk 0:22:15]} Be6+ {[%clk 0:01:45]} 38. Bf3 {[%clk 0:22:34]} Qh4+
{[%clk 0:02:12]} 39. Ke2 {[%clk 0:21:15]} Qxh6 {[%clk 0:02:36]} 40. d5
{[%clk 0:21:24]} Bd7 {[%clk 0:02:05]} 41. Qf2 {[%clk 0:21:02]} Ke8
{[%clk 0:01:54]} 42. Qg3 {[%clk 0:20:57]} Qh3 {[%clk 0:01:26]} 43. Qb8+
{[%clk 0:21:03]} Nc8 {[%clk 0:01:34]} 44. Ne4 {[%clk 0:21:03]} Ke7
{[%clk 0:01:15]} 45. Qe5+ {[%clk 0:20:27]} Kd8 {[%clk 0:00:59]} 46. d6
{[%clk 0:20:06]} Qe6 {[%clk 0:01:07]} 47. Qg5+ {[%clk 0:18:55]} Ke8
{[%clk 0:01:22]} 48. Nf6+ {[%clk 0:19:02]} Kf8 {[%clk 0:01:27]} 49. Nxd7+
{[%clk 0:19:20]} Qxd7 {[%clk 0:01:48]} 50. Qf6+ {[%clk 0:19:43]} 1-0

[Event "20eme Open de Wasselonne"]
[Site "Espace Saint-Laurent Wasselonne"]
[Date "2015.08.04"]
[Round "1.4"]
[White "Cirera Sancho, Alberto"]
[Black "Shirazi, Kamran"]
[Result "1/2-1/2"]
[BlackElo "2366"]
[WhiteElo "1934"]
[LiveChessVersion "1.4.8"]

1. e4 {[%clk 1:30:57]} c5 {[%clk 1:28:20]} 2. Nf3 {[%clk 1:31:08]} Nf6
{[%clk 1:28:18]} 3. Nc3 {[%clk 1:29:00]} d5 {[%clk 1:28:36]} 4. Bb5+
{[%clk 1:17:17]} Bd7 {[%clk 1:28:58]} 5. Bxd7+ {[%clk 1:15:44]} Qxd7
{[%clk 1:29:23]} 6. exd5 {[%clk 1:15:30]} Nxd5 {[%clk 1:29:48]} 7. O-O
{[%clk 1:13:18]} Nc6 {[%clk 1:30:06]} 8. Ne4 {[%clk 1:08:21]} e6 {[%clk 1:30:27]}
9. d4 {[%clk 1:07:18]} cxd4 {[%clk 1:30:44]} 10. Nxd4 {[%clk 1:07:36]} Be7
{[%clk 1:24:16]} 11. Qg4 {[%clk 0:58:12]} O-O-O {[%clk 1:13:24]} 12. Nxc6
{[%clk 0:56:40]} Qxc6 {[%clk 1:13:50]} 13. Qxg7 {[%clk 0:49:26]} Rhg8
{[%clk 1:08:15]} 14. Qxf7 {[%clk 0:47:17]} Rdf8 {[%clk 1:08:21]} 15. Qxh7
{[%clk 0:44:08]} Rh8 {[%clk 0:53:24]} 16. Qg7 {[%clk 0:36:24]} Rfg8
{[%clk 0:53:42]} 17. Qf7 {[%clk 0:33:25]} Nf6 {[%clk 0:52:33]} 18. Ng5
{[%clk 0:22:31]} Ng4 {[%clk 0:25:59]} 19. Qxe6+ {[%clk 0:12:00]} Qxe6
{[%clk 0:26:17]} 20. Nxe6 {[%clk 0:12:24]} Nxh2 {[%clk 0:26:38]} 21. f3
{[%clk 0:11:20]} Kd7 {[%clk 0:25:18]} 22. Nd4 {[%clk 0:11:27]} Nxf1
{[%clk 0:25:36]} 23. Kxf1 {[%clk 0:07:23]} Rh1+ {[%clk 0:25:49]} 24. Kf2
{[%clk 0:05:46]} Bh4+ {[%clk 0:25:01]} 25. Ke3 {[%clk 0:03:29]} Rxg2
{[%clk 0:24:52]} 26. a4 {[%clk 0:03:38]} Bf2+ 27. Kd3 {[%clk 0:03:11]} Bxd4
{[%clk 0:24:47]} 28. Kxd4 {[%clk 0:03:38]} Rgg1 {[%clk 0:25:07]} 29. Ra3
{[%clk 0:03:30]} Rxc1 {[%clk 0:25:19]} 30. Rb3 {[%clk 0:03:46]} b6
{[%clk 0:25:34]} 31. a5 {[%clk 0:03:38]} Rxc2 {[%clk 0:25:56]} 32. axb6
{[%clk 0:04:03]} axb6 {[%clk 0:26:19]} 33. Rxb6 {[%clk 0:04:29]} Rd1+
{[%clk 0:26:36]} 34. Ke4 {[%clk 0:04:28]} Rb1 {[%clk 0:26:49]} 35. Rb7+
{[%clk 0:03:45]} Kc6 {[%clk 0:27:15]} 36. Rh7 {[%clk 0:04:06]} Rcxb2
{[%clk 0:27:34]} 37. f4 {[%clk 0:04:20]} Rb4+ {[%clk 0:27:09]} 38. Kf5
{[%clk 0:04:31]} Rb5+ {[%clk 0:27:15]} 39. Ke6 {[%clk 0:03:53]} Re1+
{[%clk 0:27:29]} 40. Kf6 {[%clk 0:04:17]} Rf1 {[%clk 0:27:53]} 41. Rh4
{[%clk 0:04:36]} Kd6 {[%clk 0:28:16]} 42. Rg4 {[%clk 0:04:36]} Rh5
{[%clk 0:27:12]} 43. Kg6 {[%clk 0:03:53]} Rh8 {[%clk 0:27:38]} 44. Kf7
{[%clk 0:03:23]} Rfh1 {[%clk 0:27:32]} 45. Rg6+ {[%clk 0:02:22]} Kd5
{[%clk 0:27:45]} 46. f5 {[%clk 0:02:00]} Ke5 {[%clk 0:28:04]} 47. f6
{[%clk 0:02:08]} R1h7+ {[%clk 0:28:13]} 48. Rg7 {[%clk 0:02:23]} Rh6
{[%clk 0:28:37]} 49. Rg5+ {[%clk 0:02:12]} Kd6 {[%clk 0:25:16]} 50. Rg1
{[%clk 0:01:52]} Rh1 {[%clk 0:16:00]} 51. Rg2 {[%clk 0:01:51]} R8h2
{[%clk 0:14:57]} 52. Rg3 {[%clk 0:01:37]} Rf2 {[%clk 0:13:27]} 53. Rd3+
{[%clk 0:01:17]} Ke5 {[%clk 0:13:46]} 54. Re3+ {[%clk 0:01:25]} Kd4
{[%clk 0:13:37]} 55. Re6 {[%clk 0:01:32]} Rh7+ {[%clk 0:11:16]} 56. Kg8
{[%clk 0:00:56]} Rb7 {[%clk 0:03:25]} 57. Re7 {[%clk 0:00:54]} Rb8+
{[%clk 0:03:32]} 58. Kg7 {[%clk 0:00:52]} Rg2+ {[%clk 0:03:55]} 59. Kf7
{[%clk 0:01:07]} Rgg8 {[%clk 0:04:14]} 60. Ke6 {[%clk 0:00:54]} Rgf8
{[%clk 0:03:29]} 61. Rd7+ {[%clk 0:00:35]} Ke4 {[%clk 0:03:36]} 62. f7
{[%clk 0:00:55]} Kf4 {[%clk 0:04:01]} 63. Kf6 {[%clk 0:01:14]} Kg4
{[%clk 0:04:17]} 64. Kg7 {[%clk 0:01:28]} Rfc8 {[%clk 0:03:54]} 65. Ra7
{[%clk 0:01:17]} Kf5 {[%clk 0:04:05]} 66. Ra5+ {[%clk 0:01:26]} Ke6
{[%clk 0:04:20]} 67. Ra6+ {[%clk 0:01:37]} Kd7 {[%clk 0:04:45]} 68. Ra7+
{[%clk 0:01:51]} Kc6 {[%clk 0:05:12]} 69. Re7 {[%clk 0:01:51]} Kd6
{[%clk 0:04:50]} 70. Ra7 {[%clk 0:02:06]} Rd8 {[%clk 0:04:25]} 71. Ra6+
{[%clk 0:02:14]} Kc5 {[%clk 0:04:52]} 72. Rf6 {[%clk 0:02:15]} Rd7
{[%clk 0:04:00]} 73. Ra6 {[%clk 0:02:09]} Rd2 {[%clk 0:02:15]} 74. Re6
{[%clk 0:01:24]} Rg2+ {[%clk 0:02:29]} 75. Kf6 {[%clk 0:01:33]} Rf2+ 76. Kg7 Kd5
{[%clk 0:01:17]} 77. Re7 {[%clk 0:01:45]} Rb1 {[%clk 0:01:09]} 78. Ra7
{[%clk 0:01:04]} Rg1+ {[%clk 0:01:20]} 79. Kf8 {[%clk 0:01:26]} Rgf1
{[%clk 0:01:37]} 80. Kg8 {[%clk 0:01:30]} Kc6 {[%clk 0:01:45]} 81. Kf8
{[%clk 0:01:52]} Kb6 {[%clk 0:02:08]} 82. Rd7 {[%clk 0:02:08]} Rf5
{[%clk 0:02:35]} 83. Ke8 {[%clk 0:02:01]} R1f4 {[%clk 0:02:58]} 84. Kf8
{[%clk 0:02:08]} Rh5 {[%clk 0:02:32]} 85. Kg7 {[%clk 0:02:05]} Rh2
{[%clk 0:01:28]} 86. Kg8 {[%clk 0:02:08]} Rg2+ {[%clk 0:01:45]} 87. Kf8
{[%clk 0:02:28]} Rh4 {[%clk 0:01:30]} 88. Ke8 {[%clk 0:02:12]} Rh8+
{[%clk 0:01:01]} 89. f8=Q {[%clk 0:02:19]} Re2+ {[%clk 0:01:19]} 90. Re7
{[%clk 0:02:40]} Reh2 {[%clk 0:01:29]} 91. Re6+ {[%clk 0:02:32]} Kc7
{[%clk 0:01:52]} 92. Re7+ {[%clk 0:01:56]} Kd6 {[%clk 0:02:09]} 93. Ra7+
{[%clk 0:01:19]} Kc6 {[%clk 0:02:09]} 94. Ra6+ {[%clk 0:01:18]} Kb5
{[%clk 0:01:57]} 95. Rf6 {[%clk 0:01:12]} Kc4 {[%clk 0:02:20]} 96. Qxh8
{[%clk 0:01:24]} Rxh8+ {[%clk 0:02:47]} 97. Ke7 {[%clk 0:01:53]} Kd4
{[%clk 0:03:05]} 98. Ra6 {[%clk 0:02:00]} Rh7+ {[%clk 0:03:31]} 99. Kf8
{[%clk 0:02:22]} Ke5 {[%clk 0:03:55]} 100. Kg8 {[%clk 0:02:38]} Rd7
{[%clk 0:04:22]} 101. Kf8 {[%clk 0:02:55]} Rb7 {[%clk 0:04:34]} 102. Ke8
{[%clk 0:03:16]} Rh7 {[%clk 0:04:55]} 103. Kf8 {[%clk 0:03:43]} Rd7
{[%clk 0:05:15]} 104. Ke8 {[%clk 0:04:03]} Rd6 {[%clk 0:05:44]} 105. Rxd6
{[%clk 0:04:23]} Kxd6 {[%clk 0:06:07]} 1/2-1/2

[Event "20eme Open de Wasselonne"]
[Site "Espace Saint-Laurent Wasselonne"]
[Date "2015.08.04"]
[Round "2.1"]
[White "Vinsot, Robin-Gael"]
[Black "Bellahcene, Bilel"]
[Result "0-1"]
[BlackElo "2467"]
[WhiteElo "2064"]
[LiveChessVersion "1.4.8"]

1. d4 {[%clk 1:30:58]} Nf6 {[%clk 1:30:09]} 2. Bf4 {[%clk 1:31:01]} b6
{[%clk 1:30:24]} 3. Nc3 {[%clk 1:25:43]} Bb7 {[%clk 1:28:01]} 4. f3
{[%clk 1:22:28]} d5 {[%clk 1:25:20]} 5. Nh3 {[%clk 1:19:28]} e6 {[%clk 1:25:39]}
6. Nf2 {[%clk 1:14:07]} Be7 {[%clk 1:19:42]} 7. e4 {[%clk 1:06:28]} O-O
{[%clk 1:19:57]} 8. e5 {[%clk 1:01:33]} Nfd7 {[%clk 1:17:33]} 9. Bd3
{[%clk 1:01:10]} c5 {[%clk 1:17:34]} 10. Nb5 {[%clk 0:57:21]} a6 {[%clk 1:16:19]}
11. Nd6 {[%clk 0:54:14]} Bxd6 {[%clk 1:15:30]} 12. exd6 {[%clk 0:54:37]} cxd4
{[%clk 1:15:57]} 13. Qd2 {[%clk 0:45:07]} e5 {[%clk 1:15:20]} 14. Bg5
{[%clk 0:45:30]} f6 {[%clk 1:15:32]} 15. Bh4 {[%clk 0:45:54]} Nc5
{[%clk 1:15:47]} 16. O-O-O {[%clk 0:45:05]} Qxd6 {[%clk 1:16:06]} 17. g4
{[%clk 0:42:45]} Nbd7 {[%clk 1:15:32]} 18. Rhg1 {[%clk 0:41:46]} Rac8
{[%clk 1:15:26]} 19. Bf5 {[%clk 0:39:27]} Rf7 {[%clk 1:12:23]} 20. g5
{[%clk 0:36:39]} fxg5 {[%clk 1:11:58]} 21. Qxg5 {[%clk 0:36:32]} Qf8
{[%clk 1:11:23]} 22. Ng4 {[%clk 0:36:47]} Rc6 {[%clk 0:59:43]} 23. Bxd7
{[%clk 0:22:56]} Nxd7 {[%clk 0:59:32]} 24. Nxe5 {[%clk 0:22:31]} Nxe5
{[%clk 0:46:25]} 25. Qxe5 {[%clk 0:22:55]} Rc4 {[%clk 0:46:27]} 26. Rg4
{[%clk 0:09:56]} Qc8 {[%clk 0:41:28]} 27. Rdg1 {[%clk 0:07:32]} Rxc2+
{[%clk 0:38:10]} 28. Kb1 {[%clk 0:07:56]} Rcc7 {[%clk 0:38:02]} 29. Qxd4
{[%clk 0:04:07]} Qf5+ {[%clk 0:37:14]} 30. Ka1 {[%clk 0:04:13]} Qxf3
{[%clk 0:37:25]} 31. a3 {[%clk 0:03:35]} b5 {[%clk 0:36:08]} 32. Bd8
{[%clk 0:03:23]} Rcd7 {[%clk 0:36:10]} 33. Ba5 {[%clk 0:03:46]} Qe2
{[%clk 0:33:51]} 34. Bc3 {[%clk 0:03:25]} Rf1+ {[%clk 0:33:59]} 35. Ka2
{[%clk 0:03:10]} Rxg1 {[%clk 0:34:18]} 36. Qxg1 {[%clk 0:03:27]} d4
{[%clk 0:31:03]} 37. Rxd4 {[%clk 0:03:07]} Bd5+ {[%clk 0:30:56]} 38. Ka1
{[%clk 0:03:13]} Rf7 {[%clk 0:31:21]} 39. Rf4 {[%clk 0:03:15]} g6
{[%clk 0:21:39]} 40. Rxf7 {[%clk 0:01:36]} Bxf7 {[%clk 0:22:08]} 41. Kb1
{[%clk 0:00:59]} Qd3+ {[%clk 0:21:33]} 42. Kc1 {[%clk 0:01:07]} Bb3
{[%clk 0:21:41]} 43. Qd4 {[%clk 0:00:42]} 0-1

[Event "20eme Open de Wasselonne"]
[Site "Espace Saint-Laurent Wasselonne"]
[Date "2015.08.04"]
[Round "2.2"]
[White "Arnaudov, G. Petar"]
[Black "Hamid, Emran"]
[Result "1-0"]
[BlackElo "2061"]
[WhiteElo "2466"]
[LiveChessVersion "1.4.8"]

1. Nf3 {[%clk 1:29:59]} c5 {[%clk 1:30:48]} 2. c4 {[%clk 1:30:21]} Nf6
{[%clk 1:31:07]} 3. Nc3 {[%clk 1:30:44]} d5 {[%clk 1:30:13]} 4. cxd5
{[%clk 1:29:34]} Nxd5 {[%clk 1:30:35]} 5. g3 {[%clk 1:29:56]} Nc6
{[%clk 1:30:17]} 6. Bg2 {[%clk 1:30:19]} Nc7 {[%clk 1:30:35]} 7. O-O
{[%clk 1:30:37]} e5 {[%clk 1:30:52]} 8. a3 {[%clk 1:30:58]} Be6 {[%clk 1:26:15]}
9. b4 {[%clk 1:30:29]} f6 {[%clk 1:17:18]} 10. b5 {[%clk 1:27:32]} Nd4
{[%clk 1:15:27]} 11. Rb1 {[%clk 1:27:56]} Nd5 {[%clk 1:10:50]} 12. Bb2
{[%clk 1:25:14]} Be7 {[%clk 1:10:31]} 13. e3 {[%clk 1:24:53]} Nxf3+
{[%clk 1:04:17]} 14. Qxf3 {[%clk 1:24:32]} Nxc3 {[%clk 1:04:36]} 15. Bxc3
{[%clk 1:24:56]} Rb8 {[%clk 1:04:24]} 16. d4 {[%clk 1:24:58]} exd4
{[%clk 1:02:20]} 17. exd4 {[%clk 1:24:54]} O-O {[%clk 1:02:34]} 18. Qe3
{[%clk 1:18:41]} Bf5 {[%clk 0:57:12]} 19. Rbe1 {[%clk 1:18:22]} cxd4
{[%clk 0:57:31]} 20. Bxd4 {[%clk 1:17:56]} b6 {[%clk 0:55:16]} 21. Qxe7
{[%clk 1:16:09]} Qxd4 {[%clk 0:55:40]} 22. Qxa7 {[%clk 1:16:09]} Rbe8
{[%clk 0:50:39]} 23. Bc6 {[%clk 1:13:34]} Rxe1 {[%clk 0:48:23]} 24. Rxe1
{[%clk 1:13:58]} Bh3 {[%clk 0:48:34]} 25. Qe7 {[%clk 1:07:19]} Rd8
{[%clk 0:45:02]} 26. a4 {[%clk 1:07:13]} h6 {[%clk 0:44:35]} 27. Be4
{[%clk 1:00:03]} f5 {[%clk 0:38:41]} 28. Bc6 {[%clk 0:56:03]} Kh7
{[%clk 0:34:41]} 29. Qe3 {[%clk 0:53:27]} Qxe3 {[%clk 0:35:01]} 30. fxe3
{[%clk 0:53:33]} Rd2 {[%clk 0:34:53]} 31. a5 {[%clk 0:53:14]} bxa5
{[%clk 0:35:11]} 32. b6 {[%clk 0:52:42]} Rb2 {[%clk 0:34:49]} 33. b7
{[%clk 0:53:04]} a4 {[%clk 0:21:44]} 34. Ra1 {[%clk 0:53:26]} 1-0

[Event "20eme Open de Wasselonne"]
[Site "Espace Saint-Laurent Wasselonne"]
[Date "2015.08.04"]
[Round "2.3"]
[White "Bohnert, Dominik"]
[Black "Haub, Thorsten Michael"]
[Result "0-1"]
[BlackElo "2366"]
[WhiteElo "2028"]
[LiveChessVersion "1.4.8"]

1. e4 {[%clk 1:30:49]} g6 {[%clk 1:30:53]} 2. Nc3 {[%clk 1:29:54]} Bg7
{[%clk 1:31:14]} 3. Bc4 {[%clk 1:29:34]} e6 {[%clk 1:29:38]} 4. d3
{[%clk 1:28:35]} Ne7 {[%clk 1:29:57]} 5. a3 {[%clk 1:27:58]} a6 {[%clk 1:23:57]}
6. f4 {[%clk 1:26:33]} d5 {[%clk 1:23:17]} 7. Ba2 {[%clk 1:22:29]} dxe4
{[%clk 1:20:15]} 8. Nxe4 {[%clk 1:21:17]} b6 {[%clk 1:20:18]} 9. Nf3
{[%clk 1:20:57]} Nd7 {[%clk 1:19:34]} 10. O-O {[%clk 1:13:04]} O-O
{[%clk 1:17:53]} 11. Qe1 {[%clk 1:12:10]} Nf5 {[%clk 1:10:32]} 12. Rb1
{[%clk 1:01:33]} Bb7 {[%clk 1:03:23]} 13. Bd2 {[%clk 0:59:05]} Bd5
{[%clk 0:53:03]} 14. Bxd5 {[%clk 0:57:04]} exd5 {[%clk 0:53:25]} 15. Ng3
{[%clk 0:56:16]} Re8 {[%clk 0:46:31]} 16. Qf2 {[%clk 0:52:38]} Nxg3
{[%clk 0:44:50]} 17. Qxg3 {[%clk 0:51:44]} Qe7 {[%clk 0:43:47]} 18. Kh1
{[%clk 0:50:21]} Qd6 {[%clk 0:43:41]} 19. Qh4 {[%clk 0:47:04]} f5
{[%clk 0:43:31]} 20. Qf2 {[%clk 0:28:36]} d4 {[%clk 0:29:03]} 21. Rbe1
{[%clk 0:25:27]} c5 {[%clk 0:25:49]} 22. Rxe8+ {[%clk 0:24:42]} Rxe8
{[%clk 0:26:15]} 23. Re1 {[%clk 0:24:52]} Re7 {[%clk 0:26:32]} 24. Rxe7
{[%clk 0:23:47]} Qxe7 {[%clk 0:26:56]} 25. Qe1 {[%clk 0:23:17]} Qxe1+
{[%clk 0:25:54]} 26. Bxe1 {[%clk 0:21:31]} Nf6 {[%clk 0:25:58]} 27. Bd2
{[%clk 0:20:58]} Nd5 {[%clk 0:24:43]} 28. a4 {[%clk 0:19:00]} Bf6
{[%clk 0:24:43]} 29. b3 {[%clk 0:18:56]} Kf7 {[%clk 0:24:17]} 30. g3
{[%clk 0:19:11]} Ke6 {[%clk 0:23:44]} 31. Kg2 {[%clk 0:18:27]} Ne7
{[%clk 0:23:18]} 32. Kf2 {[%clk 0:18:32]} Nc6 {[%clk 0:23:00]} 33. Ke2
{[%clk 0:17:54]} Kd5 {[%clk 0:23:19]} 34. Be1 {[%clk 0:16:34]} b5
{[%clk 0:22:20]} 35. axb5 {[%clk 0:16:11]} axb5 {[%clk 0:22:44]} 36. Bd2
{[%clk 0:14:44]} Nd8 {[%clk 0:21:45]} 37. Be1 {[%clk 0:13:05]} Ne6
{[%clk 0:22:05]} 38. Bd2 {[%clk 0:12:00]} h6 {[%clk 0:19:52]} 39. h4
{[%clk 0:08:42]} Bd8 {[%clk 0:14:00]} 40. Ne5 {[%clk 0:03:06]} g5
{[%clk 0:14:02]} 41. Nf7 {[%clk 0:02:50]} gxh4 {[%clk 0:14:06]} 42. Nxh6
{[%clk 0:03:00]} Ng7 {[%clk 0:13:50]} 43. g4 {[%clk 0:02:45]} fxg4
{[%clk 0:13:52]} 44. Nxg4 {[%clk 0:03:10]} Nf5 {[%clk 0:12:29]} 45. Kf3
{[%clk 0:03:28]} h3 {[%clk 0:10:51]} 46. Be1 {[%clk 0:03:04]} c4 {[%clk 0:09:54]}
47. bxc4+ {[%clk 0:03:10]} bxc4 {[%clk 0:10:16]} 48. dxc4+ {[%clk 0:02:53]} Kxc4
{[%clk 0:10:30]} 49. Ne5+ {[%clk 0:03:20]} Kd5 {[%clk 0:10:37]} 50. Bf2
{[%clk 0:03:08]} Bc7 {[%clk 0:09:51]} 51. Ng4 {[%clk 0:03:16]} Bb8
{[%clk 0:09:26]} 52. c3 {[%clk 0:01:55]} dxc3 {[%clk 0:09:20]} 53. Ne3+
{[%clk 0:02:21]} Ke6 {[%clk 0:08:40]} 54. Nc2 {[%clk 0:01:40]} Bxf4
{[%clk 0:08:10]} 55. Be1 {[%clk 0:00:46]} Be5 {[%clk 0:07:36]} 56. Nb4
{[%clk 0:00:40]} Nd4+ {[%clk 0:06:04]} 57. Kf2 {[%clk 0:00:43]} c2
{[%clk 0:04:48]} 58. Nxc2 {[%clk 0:00:36]} Nxc2 {[%clk 0:04:59]} 59. Bd2
{[%clk 0:01:01]} Kf5 {[%clk 0:05:15]} 60. Kg1 {[%clk 0:01:10]} Kg4
{[%clk 0:05:03]} 61. Kh1 {[%clk 0:01:26]} Kf3 {[%clk 0:04:44]} 62. Bg5
{[%clk 0:01:16]} Nb4 {[%clk 0:04:45]} 63. Bh4 {[%clk 0:00:49]} Nd3
{[%clk 0:04:55]} 64. Kg1 {[%clk 0:00:56]} Bg3 {[%clk 0:05:00]} 65. Bg5
{[%clk 0:00:36]} h2+ {[%clk 0:05:17]} 66. Kh1 {[%clk 0:00:57]} Nf2#
{[%clk 0:00:47]} 0-1